000 00315nam a2200121Ia 4500
008 240731s9999 xx 000 0 und d
022 _a1947-5713
245 0 _aGeomatics, Natural Hazards and Risk
260 _bTaylor & Francis
856 _uhttps://www.tandfonline.com/loi/tgnh20
942 _2ddc
942 _cTFEJ
999 _c76722
_d76722
945 _a1
_bMadushi Gamage
_c1
_dMadushi Gamage